Colné zákony
Gespeichert in:
| Format: | Buch |
|---|---|
| Sprache: | Slowakisch |
| Veröffentlicht: |
Bratislava
Epos
[1993]
|
| Ausgabe: | 1. vyd. |
| Schlagworte: | |
| Tags: |
Keine Tags, Fügen Sie das erste Tag hinzu!
|
MARC
| LEADER | 00000nam a2200000 4500 | ||
|---|---|---|---|
| 001 | c003466 | ||
| 005 | 20221214083447.4 | ||
| 020 | |a 80-85703-19-X | ||
| 041 | 0 | |a slo | |
| 044 | |a SK | ||
| 245 | 1 | 0 | |a Colné zákony |
| 250 | |a 1. vyd. | ||
| 264 | 1 | |a Bratislava |b Epos |c [1993] | |
| 300 | |a 96 s. | ||
| 610 | 2 | 0 | |a clá |
| 610 | 2 | 0 | |a politika colná |
| 610 | 2 | 0 | |a ČSFR |
| 610 | 2 | 0 | |a 1974 |
| 610 | 2 | 0 | |a 1990 |
| 610 | 2 | 0 | |a 1992 |